000 00340nam a2200157Ia 4500
003 Ost
005 20260225132550.0
008 260225s9999||||xx |||||||||||||| ||und||
040 _cfsic
041 _afre
082 _a440
100 _aDalloz
_eAuteur
245 0 _aLexique de la presse écrite /
245 0 _cDalloz
942 _cكتاب
999 _c34080
_d34080